Statistics for All FIFA World Cup Teams

Click here to take the quiz!

General Stats

  • This quiz has been taken 29 times
  • The average score is 72 of 83

Answer Stats

HintAnswer% Correct
2022Brazil
100%
2022Canada
100%
2002Ireland
100%
2022Mexico
100%
2022United States
100%
2022Argentina
96%
1998Bulgaria
96%
2014Chile
96%
2022Denmark
96%
2018Egypt
96%
2022France
96%
2022Japan
96%
2022Morocco
96%
2022Portugal
96%
2018Russia
96%
2022South Korea
96%
2022Spain
96%
2022Tunisia
96%
2022Uruguay
96%
2022Australia
93%
2018Columbia
93%
2022Costa Rica
93%
2022Croatia
93%
2022England
93%
2022Germany
93%
2018Iceland
93%
2022Iran
93%
2022Netherlands
93%
2022Poland
93%
1998Romania
93%
1998Scotland
93%
2018Sweden
93%
2002Turkey
93%
2006Ukraine
93%
2014Algeria
89%
1998Austria
89%
2022Belgium
89%
2022Cameroon
89%
2002China
89%
2014Greece
89%
2014Honduras
89%
2014Italy
89%
2010New Zealand
89%
2018Nigeria
89%
1986Northern Ireland
89%
1998Norway
89%
2018Panama
89%
2010Paraguay
89%
2018Peru
89%
2022Saudi Arabia
89%
2010Slovakia
89%
2010South Africa
89%
1990Soviet Union
89%
2022Switzerland
89%
2022Wales
89%
1998Yugoslavia
89%
1994Bolivia
85%
2006Czechia
85%
2022Ghana
85%
1986Hungary
85%
1986Iraq
85%
1998Jamaica
85%
2022Qatar
85%
2010Slovenia
85%
2014Bosnia and Herzegovina
81%
1938Cuba
81%
2022Ecuador
81%
2022Senegal
81%
2022Serbia
81%
2014Ivory Coast
78%
2010North Korea
78%
2006Angola
74%
1982Czechoslovakia
74%
2006Trinidad and Tobago
70%
1982El Salvador
67%
1974Haiti
67%
1982Kuwait
67%
1970Israel
59%
2006Togo
59%
1990United Arab Emirates
56%
1974Zaire
52%
2006Serbia and Montenegro
48%
1938Dutch East Indies
30%

Score Distribution

Percentile by Number Answered

Percent of People with Each Score

Your Score History

You have not taken this quiz